[Event "FRA-chT2 East 0607"]
[Site "France"]
[Date "2006.10.15"]
[Round "1.8"]
[White "Weiland, Fanny"]
[Black "Cechetto, Lea"]
[Result "0-1"]
[WhiteElo "1810"]
[BlackElo "1790"]
[PlyCount "142"]
[EventDate "2006.10.15"]
[EventType "team"]
[EventRounds "11"]
[EventCountry "FRA"]
[SourceTitle "EXT 2008"]
[Source "ChessBase"]
[SourceDate "2007.11.25"]
[SourceVersion "1"]
[SourceVersionDate "2007.11.25"]
[SourceQuality "1"]
[WhiteTeam "Cluses Saint Jeoire"]
[BlackTeam "Belfort"]
[WhiteTeamCountry "FRA"]
[BlackTeamCountry "FRA"]

1. e4 e5 2. Nf3 Nc6 3. Nc3 Nf6 4. Bc4 Bc5 5. d3 d6 6. 0-0 Bg4 7. h3 Bh5 8. Be3 Bb6 9. Qe2 Nd4 10. Bxd4 Bxd4 11. Nb5 Bb6 12. Kh1 a6 13. Nc3 Qd7 14. Nd5 Ba7 15. Ne3 h6 16. Nf5 0-0 17. Ng3 Bg6 18. Nh4 Bh7 19. f4 exf4 20. Rxf4 Qe7 21. Raf1 Qe5 22. Ngf5 d5 23. Bb3 Kh8 24. Ng3 Rae8 25. Nhf5 Bxf5 26. Nxf5 dxe4 27. dxe4 Nxe4 28. Qg4 Nf2+ 29. R4xf2 Bxf2 30. Rxf2 g6 31. Ng3 h5 32. Qf3 Qe3 33. Qf6+ Kh7 34. Nf1 Qe7 35. Qf3 c6 36. a4 c5 37. Bc4 Qe4 38. Qc3 Qe1 39. Qf6 Qe5 40. Qf3 Qxb2 41. Qd5 Re7 42. Qxc5 Qe5 43. Qxe5 Rxe5 44. Rxf7+ Rxf7 45. Bxf7 Rf5 46. Bc4 Rf4 47. Bd3 Rxa4 48. Ng3 Kg7 49. Kg1 Ra2 50. Ne4 a5 51. Nc3 Ra1+ 52. Kf2 a4 53. Bc4 Rc1 54. Bd3 a3 55. Kg3 b5 56. Na2 Ra1 57. Nb4 Rb1 58. Na2 Rb2 59. Nc1 a2 60. Nxa2 Rxa2 61. Bxb5 Rxc2 62. Kf3 Kf6 63. g4 Rc3+ 64. Kg2 hxg4 65. hxg4 Kg5 66. Bd7 Kf4 67. Be6 g5 68. Bd7 Rc2+ 69. Kh3 Kf3 70. Be6 Kf2 71. Bd5 Rc8 0-1

[Event "FRA-ch U14 Girls"]
[Site "Hyeres"]
[Date "2002.??.??"]
[Round "2.8"]
[White "Magnin, Segolene"]
[Black "Weiland, Fanny"]
[Result "1-0"]
[WhiteElo "1720"]
[BlackElo "1590"]
[PlyCount "73"]
[EventDate "2002.04.05"]
[EventType "swiss"]
[EventRounds "9"]
[EventCountry "FRA"]
[SourceTitle "EXT 2003"]
[Source "ChessBase"]
[SourceDate "2002.11.25"]
[SourceVersion "1"]
[SourceVersionDate "2002.11.25"]
[SourceQuality "1"]

1. c4 e5 2. Nc3 Nc6 3. e3 Nf6 4. d4 exd4 5. exd4 Bb4 6. Nf3 d5 7. a3 Bxc3+ 8. bxc3 0-0 9. Be2 Re8 10. 0-0 Ne4 11. Bb2 Bf5 12. Nd2 Nxd2 13. Qxd2 dxc4 14. Bxc4 Na5 15. Ba2 Be6 16. d5 Bf5 17. c4 b6 18. f3 Qd6 19. Qd4 f6 20. Rf2 Nb7 21. g4 Bg6 22. Rg2 Qc5 23. g5 Qxd4+ 24. Bxd4 fxg5 25. Rxg5 Rf8 26. h4 Rf5 27. Kf2 Rxg5 28. hxg5 Rf8 29. d6 Nxd6 30. c5+ Nf7 31. cxb6 cxb6 32. Rc1 Kh8 33. Bxf7 Bxf7 34. Rc7 Kg8 35. Rxa7 Bh5 36. Rxg7+ Kh8 37. Rg6+ 1-0